|
|
|
|
| LEADER |
00000nta a2200000 i 4500 |
| 001 |
dolg18244 |
| 005 |
20190228165439.0 |
| 008 |
181127suuuu hu om 000 hun d |
| 040 |
|
|
|a BGE Dolgozattár Repozitórium
|b hun
|
| 041 |
|
|
|a hu
|
| 100 |
1 |
|
|a Erdélyi Barbara
|
| 245 |
1 |
0 |
|a Modern, technológia alapú termékek és szolgáltatások megjelenése az egyéni turizmus piacán
|c Erdélyi Barbara
|h [elektronikus dokumentum]
|
| 695 |
|
|
|a technológia
|
| 695 |
|
|
|a turizmus, online
|
| 700 |
1 |
|
|a Talabos István
|e ths
|
| 856 |
4 |
0 |
|u http://dolgozattar.uni-bge.hu/18244/1/Modern%2C%20technol%C3%B3gia%20alap%C3%BA%20term%C3%A9kek%20%C3%A9s%20szolg%C3%A1ltat%C3%A1sok%20megjelen%C3%A9se%20az%20egy%C3%A9ni%20turizmus%20piac%C3%A1n.pdf
|z Dokumentum-elérés
|